Normal view
MARC view
- Microwave devices.
Entry Topical Term
001 - CONTROL NUMBER
- control field: 28228
003 - CONTROL NUMBER IDENTIFIER
- control field: NUST
005 - DATE AND TIME OF LATEST TRANSACTION
- control field: 20200130162147.0
008 - FIXED-LENGTH DATA ELEMENTS
- fixed length control field: 200130|| aca||aabn | a|a d
040 ## - CATALOGING SOURCE
- Original cataloging agency: NUST
- Transcribing agency: NUST
150 ## - HEADING--TOPICAL TERM
- Topical term or geographic name entry element: Microwave devices.
670 ## - SOURCE DATA FOUND
- Source citation: Work cat.: (NUST)11626: Pozar, David M. 28227, Microwave engineering , c2012.
